00468nam a2200157 a 450000100100000000500170001000800410002704000250006808200130009310000310010624500690013726000500020630000280025604900090028499900170029300002322520200930022054.0101130nuuuuuuuunyu 000 0 eng d aDO-SdBNPbengcBNPHU ann*bnn*1 aIrving, Washington.94781710aLife and voyages of Chrístopher Columbus /cWashington Irving. aNew York :bThomas Y. Cromell & Co.,c[s.f.]. a729 p. :bil. ;c21 cm. aBNGR c22722d22722